00532 2200181 4500245006500000020002200065250001100087100002900098700002200127650004300149005001900192260003500211041001400246084000800260300002300268500005000291336000900341 aGilkey b : Si Pencuri BukucBartlett, Allison HooverhText a978-602-6577-21-4 aCet. 1 aBartlett, Allison Hoover aLulu Fitri Rahman aFiksi Inggris (dalam Bahasa Indonesia) a20230109085836 aJakartabPustaka Alvabetc2018 aIndonesia a823 a300 hlm. :c20 cm. aJudul asli : The Man Who Loced Books Too Much atext